000 00410nam a2200181Ia 4500
001 9912
005 20260306161753.0
008 260306t2009||||xx |||||||||||||| ||spa||
041 _aESP
082 _a808.2
_bCH555
100 _aChion, Michel
_eAUT
245 0 _aCómo se escribe un guión
260 _c2009
300 _a365 páginas :
_c
650 _aGEN
654 _aCHU
942 _cLIB
_dJUS
_fJUS
_2ddc
_n
999 _c9912
_d9912